[Event "Gorges op 27th"]
[Site "Gorges"]
[Date "2017.07.09"]
[Round "5"]
[White "Chabradze, Boris"]
[Black "Camus, Harold"]
[Result "1-0"]
[WhiteElo "2150"]
[BlackElo "1680"]
[PlyCount "51"]
[EventDate "2017.07.08"]
[EventType "swiss"]
[EventRounds "5"]
[EventCountry "FRA"]
[SourceTitle "EXT 2019"]
[Source "ChessBase"]
[SourceDate "2018.10.10"]
[SourceVersion "1"]
[SourceVersionDate "2018.10.10"]
[SourceQuality "1"]

1. e4 e5 2. Nf3 Nc6 3. Nc3 Nf6 4. d4 exd4 5. Nd5 d6 6. Nxd4 Nxd4 7. Qxd4 h6 8. Bf4 c6 9. Nxf6+ Qxf6 10. Qxf6 gxf6 11. 0-0-0 Kd7 12. c4 c5 13. b4 b6 14. bxc5 bxc5 15. g3 Ba6 16. Kc2 Rb8 17. Bd3 Kc6 18. Rb1 Bg7 19. Kd2 Rb4 20. Rxb4 cxb4 21. Rb1 Rb8 22. Be3 Rb7 23. e5 d5 24. cxd5+ Kxd5 25. Bxa6 Rb6 26. Bxb6 1-0

[Event "Gorges op 27th"]
[Site "Gorges"]
[Date "2017.07.08"]
[Round "3"]
[White "Chabradze, Boris"]
[Black "Flachet, Thierry"]
[Result "0-1"]
[WhiteElo "2150"]
[BlackElo "2128"]
[PlyCount "64"]
[EventDate "2017.07.08"]
[EventType "swiss"]
[EventRounds "5"]
[EventCountry "FRA"]
[SourceTitle "EXT 2019"]
[Source "ChessBase"]
[SourceDate "2018.10.10"]
[SourceVersion "1"]
[SourceVersionDate "2018.10.10"]
[SourceQuality "1"]

1. e4 e6 2. Nc3 d5 3. Nf3 Nf6 4. exd5 exd5 5. d4 Bd6 6. Qe2+ Be7 7. Ne5 0-0 8. Bg5 c6 9. 0-0-0 b5 10. f3 a5 11. h4 a4 12. g4 b4 13. Nb1 Ba6 14. Qe3 Bxf1 15. Rhxf1 Ra7 16. Bxf6 Bxf6 17. f4 Be7 18. g5 Bd6 19. f5 f6 20. Ng4 Re7 21. Qf3 Nd7 22. Nd2 Rfe8 23. h5 fxg5 24. h6 Bf4 25. hxg7 Rxg7 26. Nh6+ Kf8 27. Rde1 Nf6 28. Re6 Rxe6 29. fxe6 Ne4 30. Qg4 Qf6 31. e7+ Rxe7 32. Qc8+ Re8 0-1

[Event "Gorges op 22th"]
[Site "Gorges"]
[Date "2012.07.13"]
[Round "7"]
[White "Batard, David"]
[Black "Chabradze, Boris"]
[Result "0-1"]
[WhiteElo "1987"]
[BlackElo "2202"]
[PlyCount "40"]
[EventDate "2012.07.08"]
[EventType "swiss"]
[EventRounds "7"]
[EventCountry "FRA"]
[SourceTitle "CBM 149 Extra"]
[Source "ChessBase"]
[SourceDate "2012.08.24"]
[SourceVersion "1"]
[SourceVersionDate "2012.08.24"]
[SourceQuality "1"]

1. d4 c5 2. d5 e6 3. c4 exd5 4. cxd5 Nf6 5. Nc3 d6 6. Nf3 Bf5 7. e4 Bg6 8. Bb5+ Nbd7 9. 0-0 a6 10. Bxd7+ Qxd7 11. a4 Be7 12. a5 0-0 13. Na4 Rae8 14. e5 Ng4 15. Nb6 Qb5 16. e6 fxe6 17. dxe6 Be4 18. Ra3 Bxf3 19. Rxf3 Rxf3 20. Qxf3 Qxf1+ 0-1

[Event "Gorges op 22th"]
[Site "Gorges"]
[Date "2012.07.11"]
[Round "5"]
[White "Mercier, Jean Loup"]
[Black "Chabradze, Boris"]
[Result "0-1"]
[WhiteElo "1796"]
[BlackElo "2202"]
[PlyCount "96"]
[EventDate "2012.07.08"]
[EventType "swiss"]
[EventRounds "7"]
[EventCountry "FRA"]
[SourceTitle "CBM 149 Extra"]
[Source "ChessBase"]
[SourceDate "2012.08.24"]
[SourceVersion "1"]
[SourceVersionDate "2012.08.24"]
[SourceQuality "1"]

1. e4 c5 2. Nc3 Nc6 3. g3 g6 4. Bg2 Bg7 5. d3 e6 6. Be3 Nd4 7. Nge2 Ne7 8. 0-0 0-0 9. Qd2 Nec6 10. Nd1 d5 11. exd5 exd5 12. Nxd4 Nxd4 13. c3 Ne6 14. Bh6 d4 15. Bxg7 Nxg7 16. c4 Qc7 17. b4 Ne6 18. bxc5 Nxc5 19. f4 Bf5 20. Nf2 Rae8 21. Rfe1 b6 22. Bd5 h5 23. Ne4 Bxe4 24. dxe4 d3 25. Qc3 Re7 26. Rad1 Qd7 27. Qf6 Kh7 28. Rd2 Rfe8 29. Bc6 Nxe4 30. Bxe4 Rxe4 31. Rxe4 Rxe4 32. Rxd3 Re1+ 33. Kf2 Qe8 34. Qb2 Rh1 35. Qe5 Rxh2+ 36. Kg1 Qxe5 37. fxe5 Rxa2 38. Rd7 Kg8 39. e6 fxe6 40. Re7 Kf8 41. Rxe6 Kf7 42. Rc6 Kg7 43. Rc7+ Kh6 44. c5 bxc5 45. Rxc5 a5 46. Rb5 a4 47. Rc5 a3 48. Rb5 Rb2 0-1

[Event "Gorges op 22th"]
[Site "Gorges"]
[Date "2012.07.08"]
[Round "1"]
[White "Le Baut, Daniel"]
[Black "Chabradze, Boris"]
[Result "0-1"]
[WhiteElo "1560"]
[BlackElo "2202"]
[PlyCount "50"]
[EventDate "2012.07.08"]
[EventType "swiss"]
[EventRounds "7"]
[EventCountry "FRA"]
[SourceTitle "CBM 149 Extra"]
[Source "ChessBase"]
[SourceDate "2012.08.24"]
[SourceVersion "1"]
[SourceVersionDate "2012.08.24"]
[SourceQuality "1"]

1. e4 c5 2. Nf3 d6 3. d4 cxd4 4. Nxd4 Nf6 5. Nc3 a6 6. g3 e5 7. Nb3 Bg4 8. f3 Be6 9. Bg5 Nbd7 10. Qd2 Qc7 11. 0-0-0 b5 12. Bg2 Be7 13. f4 0-0 14. f5 Bc4 15. Bf1 b4 16. Bxc4 bxc3 17. Qxc3 Rfc8 18. Bxf6 Nxf6 19. Bd5 Nxd5 20. exd5 Qxc3 21. bxc3 Rxc3 22. Na5 Rb8 23. Nc6 Bg5+ 24. Rd2 Rb5 25. Kd1 Rb1+ 0-1

[Event "Nantes op 10th"]
[Site "Nantes"]
[Date "2011.??.??"]
[Round "4"]
[White "Nicolleau, Mathias"]
[Black "Chabradze, Boris"]
[Result "1-0"]
[WhiteElo "1890"]
[BlackElo "2238"]
[PlyCount "141"]
[EventDate "2011.12.27"]
[EventType "swiss"]
[EventRounds "7"]
[EventCountry "FRA"]
[SourceTitle "EXT 2013"]
[Source "ChessBase"]
[SourceDate "2012.11.22"]
[SourceVersion "1"]
[SourceVersionDate "2012.11.22"]
[SourceQuality "1"]

1. e4 c5 2. Nf3 d6 3. d4 cxd4 4. Qxd4 a6 5. c4 e5 6. Qd3 h6 7. Nc3 Nf6 8. Be2 Be6 9. 0-0 Nbd7 10. b3 Rc8 11. h3 Be7 12. Rd1 0-0 13. Qe3 Qc7 14. Bb2 Qc5 15. Nd5 Bxd5 16. exd5 Qxe3 17. fxe3 Ne4 18. Nd2 Nxd2 19. Rxd2 Bg5 20. Kf2 Nc5 21. Rdd1 Ne4+ 22. Kf3 f5 23. Bd3 Nc5 24. Ke2 e4 25. Bc2 b5 26. Bd4 Nd7 27. Rac1 Bf6 28. cxb5 Bxd4 29. Rxd4 axb5 30. a4 Rc3 31. axb5 Rfc8 32. Rc4 R8xc4 33. bxc4 Rxc4 34. Kd2 Nb6 35. Rf1 g6 36. g4 Rc5 37. gxf5 Rxd5+ 38. Ke2 Rxb5 39. Bxe4 Re5 40. Bd3 g5 41. Rb1 Nd5 42. Bc4 Kg7 43. Bxd5 Rxd5 44. e4 Rd4 45. Ke3 Ra4 46. Rb6 Ra3+ 47. Kd4 Rxh3 48. Rxd6 Kf7 49. Ke5 g4 50. Rd7+ Ke8 51. Rg7 h5 52. Ke6 Kf8 53. f6 Ra3 54. Rh7 Ra6+ 55. Kf5 g3 56. Rxh5 g2 57. Rg5 Ra2 58. e5 Rf2+ 59. Ke6 Ra2 60. Rg7 Re2 61. Kd6 Rd2+ 62. Kc5 Re2 63. Kd5 Rd2+ 64. Ke4 Re2+ 65. Kf4 Rf2+ 66. Ke3 Ra2 67. e6 Ra3+ 68. Kf2 Ra2+ 69. Kg1 Re2 70. e7+ Ke8 71. Rg8+ 1-0

[Event "Nantes op 10th"]
[Site "Nantes"]
[Date "2011.??.??"]
[Round "6"]
[White "Pirotais, Jerome"]
[Black "Chabradze, Boris"]
[Result "1-0"]
[WhiteElo "2048"]
[BlackElo "2238"]
[PlyCount "99"]
[EventDate "2011.12.27"]
[EventType "swiss"]
[EventRounds "7"]
[EventCountry "FRA"]
[SourceTitle "EXT 2013"]
[Source "ChessBase"]
[SourceDate "2012.11.22"]
[SourceVersion "1"]
[SourceVersionDate "2012.11.22"]
[SourceQuality "1"]

1. e4 c5 2. Nf3 d6 3. d4 cxd4 4. Nxd4 Nf6 5. Nc3 a6 6. Bg5 e6 7. f4 Nbd7 8. Qf3 Qc7 9. 0-0-0 b5 10. Bd3 Bb7 11. Rhe1 b4 12. Nd5 exd5 13. exd5+ Kd8 14. Nc6+ Bxc6 15. dxc6 Nc5 16. Bf5 Be7 17. Qe3 Ne6 18. Bxe6 fxe6 19. Qxe6 Ra7 20. Bxf6 gxf6 21. Rxd6+ Qxd6 22. Rd1 Qxd1+ 23. Kxd1 Ke8 24. c3 a5 25. Kc2 Kf8 26. g4 Kg7 27. h4 Rd8 28. g5 bxc3 29. bxc3 fxg5 30. c7 Re8 31. c8Q Rxc8 32. Qxc8 gxh4 33. Qg4+ Kh8 34. Qe6 Kg7 35. c4 Bf6 36. c5 Re7 37. Qg4+ Kh8 38. Kd3 Rg7 39. Qe6 Rg3+ 40. Ke4 Kg7 41. Kf5 Rg6 42. Qe3 Rg3 43. Qf2 Rc3 44. Qg2+ Kf7 45. Qd5+ Kg7 46. Qd7+ Kh6 47. Kxf6 Rxc5 48. Qg7+ Kh5 49. Qg2 Rb5 50. Qe2+ 1-0

[Event "Gorges op 21st"]
[Site "Gorges"]
[Date "2011.??.??"]
[Round "3"]
[White "Sochacki, Wojtek"]
[Black "Chabradze, Boris"]
[Result "1-0"]
[WhiteElo "2316"]
[BlackElo "2231"]
[PlyCount "63"]
[EventDate "2011.07.??"]
[EventType "swiss"]
[EventRounds "7"]
[EventCountry "FRA"]
[SourceTitle "EXT 2014"]
[Source "ChessBase"]
[SourceDate "2013.11.20"]
[SourceVersion "1"]
[SourceVersionDate "2013.11.20"]
[SourceQuality "1"]

1. e4 c5 2. Nf3 d6 3. d4 cxd4 4. Nxd4 Nf6 5. Nc3 a6 6. Bg5 e6 7. f4 Be7 8. Qf3 Qa5 9. 0-0-0 Bd7 10. Bxf6 Bxf6 11. e5 dxe5 12. Nxe6 fxe6 13. Qxb7 0-0 14. Qxa8 Bc6 15. Qa7 exf4 16. Bc4 Bxg2 17. Rhg1 f3 18. Ne4 Bxb2+ 19. Kxb2 Qb4+ 20. Bb3 Qxe4 21. Rge1 Qf4 22. Rxe6 Kh8 23. Qf2 Bh3 24. Red6 h6 25. R1d4 Qf5 26. Qh4 Kh7 27. Qf2 Qh5 28. c3 Bf5 29. Rf4 Re8 30. Rxf3 Re5 31. Rxf5 Re2+ 32. Bc2 1-0

[Event "FRA-chT1 1011"]
[Site "France"]
[Date "2010.11.14"]
[Round "3.3"]
[White "Cotonnec, Melkior"]
[Black "Chabradze, Boris"]
[Result "1-0"]
[WhiteElo "2307"]
[BlackElo "2237"]
[PlyCount "85"]
[EventDate "2010.10.17"]
[EventType "team-tourn"]
[EventRounds "11"]
[EventCountry "FRA"]
[SourceTitle "EXT 2012"]
[Source "ChessBase"]
[SourceDate "2011.11.24"]
[SourceVersion "1"]
[SourceVersionDate "2011.11.24"]
[SourceQuality "1"]

1. e4 c5 2. Nf3 d6 3. d4 cxd4 4. Nxd4 Nf6 5. Nc3 a6 6. Bg5 e6 7. f4 Be7 8. Qf3 Qa5 9. 0-0-0 Bd7 10. g4 Nc6 11. Nb3 Qc7 12. Kb1 Rc8 13. Bxf6 Bxf6 14. g5 Be7 15. h4 b5 16. Bh3 b4 17. Ne2 a5 18. Nbd4 Nxd4 19. Nxd4 a4 20. h5 a3 21. g6 0-0 22. Qb3 Qc4 23. gxf7+ Kxf7 24. e5 Qxb3 25. axb3 dxe5 26. Nf3 Bb5 27. Nxe5+ Kf6 28. bxa3 bxa3 29. c4 Bc6 30. Rhe1 Bb4 31. Re2 Rfd8 32. Rxd8 Rxd8 33. Nxc6 Rd1+ 34. Ka2 Bc3 35. Kxa3 Ra1+ 36. Ra2 Rh1 37. Bg4 Rg1 38. Ne5 Bxe5 39. fxe5+ Kxe5 40. Re2+ Kd4 41. Bxe6 Kc3 42. Re3+ Kd4 43. Rh3 1-0

[Event "FRA-chT2 0910"]
[Site "France"]
[Date "2009.12.13"]
[Round "6.2"]
[White "Chabradze, Boris"]
[Black "Graca, Robert"]
[Result "1/2-1/2"]
[WhiteElo "2219"]
[BlackElo "2217"]
[PlyCount "78"]
[EventDate "2009.09.27"]
[EventType "team-tourn"]
[EventRounds "11"]
[EventCountry "FRA"]
[SourceTitle "EXT 2011"]
[Source "ChessBase"]
[SourceDate "2010.11.26"]
[SourceVersion "1"]
[SourceVersionDate "2010.11.26"]
[SourceQuality "1"]

1. e4 c5 2. Nf3 d6 3. d4 cxd4 4. Nxd4 Nf6 5. Nc3 g6 6. Be3 Bg7 7. Qd2 Nc6 8. f3 0-0 9. Bc4 Bd7 10. 0-0-0 Rc8 11. Bb3 Nxd4 12. Bxd4 a5 13. e5 dxe5 14. Bxe5 Bc6 15. Bd5 Qe8 16. Rhe1 b5 17. Bxf6 Bxf6 18. Bxc6 Qxc6 19. Nd5 Rfd8 20. Nxf6+ Qxf6 21. Qxd8+ Rxd8 22. Rxd8+ Kg7 23. Red1 Qf4+ 24. Kb1 Qxh2 25. R8d2 e6 26. c3 h5 27. b3 h4 28. c4 Qe5 29. Rc2 bxc4 30. bxc4 Qc5 31. Rdc1 f5 32. Rb2 a4 33. Rb5 Qc6 34. Kb2 h3 35. gxh3 Qxf3 36. Rc3 Qe2+ 37. Rc2 Qd3 38. Rc3 Qe2+ 39. Rc2 Qd3 1/2-1/2

[Event "FRA-chT2 0910"]
[Site "France"]
[Date "2009.10.18"]
[Round "3.3"]
[White "Renault, Fabien"]
[Black "Chabradze, Boris"]
[Result "0-1"]
[WhiteElo "2204"]
[BlackElo "2204"]
[PlyCount "88"]
[EventDate "2009.09.27"]
[EventType "team-tourn"]
[EventRounds "11"]
[EventCountry "FRA"]
[SourceTitle "EXT 2011"]
[Source "ChessBase"]
[SourceDate "2010.11.26"]
[SourceVersion "1"]
[SourceVersionDate "2010.11.26"]
[SourceQuality "1"]

1. e4 c5 2. Nf3 d6 3. d4 cxd4 4. Nxd4 Nf6 5. Nc3 a6 6. Bg5 e6 7. f4 Be7 8. Qf3 Qa5 9. 0-0-0 Bd7 10. e5 dxe5 11. fxe5 Nc6 12. Nxc6 Bxc6 13. Qg3 Nh5 14. Qh4 Bxg5+ 15. Qxg5 g6 16. Bd3 0-0 17. Rhe1 Rad8 18. Re3 Rd4 19. Ne2 Ra4 20. Nc3 Rd4 21. Rf1 Qd8 22. Qh6 Rh4 23. Rf6 Qd4 24. Ne2 Nxf6 25. Qxf8+ Kxf8 26. Nxd4 Rxd4 27. exf6 Bxg2 28. Rg3 Bc6 29. Be2 Rf4 30. Rc3 a5 31. Rc5 Rf5 32. Rxf5 exf5 33. Bc4 b5 34. Bd3 Ke8 35. c4 b4 36. a3 bxa3 37. bxa3 Kd7 38. Kd2 Ke6 39. Ke3 Ke5 40. Be2 f4+ 41. Kd3 Be4+ 42. Kd2 Kxf6 43. c5 Ke5 44. Ba6 Kd4 0-1

[Event "FRA-chT2 0910"]
[Site "France"]
[Date "2009.10.17"]
[Round "2.3"]
[White "Chabradze, Boris"]
[Black "Le Borgne, Pierre"]
[Result "1-0"]
[WhiteElo "2204"]
[BlackElo "2228"]
[PlyCount "81"]
[EventDate "2009.09.27"]
[EventType "team-tourn"]
[EventRounds "11"]
[EventCountry "FRA"]
[SourceTitle "EXT 2011"]
[Source "ChessBase"]
[SourceDate "2010.11.26"]
[SourceVersion "1"]
[SourceVersionDate "2010.11.26"]
[SourceQuality "1"]

1. e4 e5 2. Nf3 Nc6 3. Nc3 Nf6 4. d4 exd4 5. Nxd4 Bb4 6. Nxc6 bxc6 7. Bd3 d5 8. exd5 Qe7+ 9. Qe2 Qxe2+ 10. Bxe2 cxd5 11. Bb5+ Bd7 12. 0-0 c6 13. Re1+ Kd8 14. Ba4 Kc7 15. Bf4+ Bd6 16. Bxd6+ Kxd6 17. Rad1 Rhe8 18. f3 a5 19. Ne4+ Nxe4 20. fxe4 Bg4 21. Rd3 Bf5 22. Rc3 Rxe4 23. Rxe4 Bxe4 24. Rxc6+ Ke5 25. Rc7 Rb8 26. b3 g5 27. c4 dxc4 28. Rc5+ Kd4 29. Rxc4+ Ke3 30. Bc6 Bxc6 31. Rxc6 Rd8 32. h3 Rd1+ 33. Kh2 Rd2 34. a4 Kd4 35. Ra6 Kc3 36. Rxa5 Kxb3 37. Rxg5 Kxa4 38. Rh5 Kb4 39. Rxh7 Rf2 40. Kg3 Rf1 41. Rh4+ 1-0

[Event "FRA-chT1B 0809"]
[Site "France"]
[Date "2009.04.05"]
[Round "11.4"]
[White "Chabradze, Boris"]
[Black "Baillon, Olivier"]
[Result "1-0"]
[WhiteElo "2201"]
[BlackElo "2269"]
[PlyCount "25"]
[EventDate "2008.10.19"]
[EventType "team-tourn"]
[EventRounds "11"]
[EventCountry "FRA"]
[SourceTitle "EXT 2010"]
[Source "ChessBase"]
[SourceDate "2010.11.25"]
[SourceVersion "1"]
[SourceVersionDate "2010.11.25"]
[SourceQuality "1"]
[WhiteTeam "Nantes"]
[BlackTeam "Club 608"]
[WhiteTeamCountry "FRA"]
[BlackTeamCountry "FRA"]

1. e4 e6 2. Nf3 d5 3. Nc3 Nf6 4. exd5 exd5 5. d4 Bg4 6. Bg5 Qe7+ 7. Qe2 Bxf3 8. gxf3 Nbd7 9. Nb5 Kd8 10. Bf4 Ne8 11. c4 Qb4+ 12. Bd2 Qxb2 13. Bg5+ 1-0

[Event "FRA-chT1B 0809"]
[Site "France"]
[Date "2009.04.04"]
[Round "10.5"]
[White "Chabradze, Boris"]
[Black "Rabeyrin, Jean Jacques"]
[Result "1/2-1/2"]
[WhiteElo "2201"]
[BlackElo "2269"]
[PlyCount "152"]
[EventDate "2008.10.19"]
[EventType "team-tourn"]
[EventRounds "11"]
[EventCountry "FRA"]
[SourceTitle "EXT 2010"]
[Source "ChessBase"]
[SourceDate "2010.11.25"]
[SourceVersion "1"]
[SourceVersionDate "2010.11.25"]
[SourceQuality "1"]
[WhiteTeam "Nantes"]
[BlackTeam "Vincennes"]
[WhiteTeamCountry "FRA"]
[BlackTeamCountry "FRA"]

1. e4 c5 2. Nf3 d6 3. d4 cxd4 4. Nxd4 Nf6 5. Nc3 a6 6. Bg5 e6 7. f4 Be7 8. Qf3 Qa5 9. 0-0-0 Bd7 10. e5 dxe5 11. fxe5 Nc6 12. Nf5 exf5 13. exf6 gxf6 14. Bf4 Be6 15. Nd5 Bxd5 16. Qxd5 Qxd5 17. Rxd5 Nb4 18. Rxf5 Nxa2+ 19. Kb1 Nb4 20. Bc4 Rc8 21. Bb3 h5 22. Re1 Kf8 23. Bg5 Rc7 24. Bxf6 Bxf6 25. Rxf6 Rg8 26. g3 Rg5 27. Ref1 Nd5 28. R6f5 Rxf5 29. Rxf5 Ne3 30. Rxh5 Rd7 31. Re5 Nf1 32. Re2 Nd2+ 33. Ka2 Nxb3 34. Kxb3 Rd6 35. Kc4 Rb6 36. b3 Rc6+ 37. Kd5 Rc3 38. Kd4 Rc6 39. c4 Rd6+ 40. Kc5 Rc6+ 41. Kd5 Rb6 42. Re3 Rb4 43. g4 a5 44. h4 Kg7 45. h5 Kh6 46. Rf3 Kg7 47. g5 Rb6 48. c5 Rb4 49. h6+ Kg8 50. Kd6 Rb5 51. Rc3 Rb4 52. Kc7 Rb5 53. Kd6 Rb4 54. Kc7 Rb5 55. Kb8 Rb4 56. Rf3 Rb5 57. h7+ Kxh7 58. Rxf7+ Kg6 59. Rxb7 Rxc5 60. Ka7 a4 61. b4 Rxg5 62. Rb6+ Kf5 63. b5 Ke4 64. Ka6 Kd4 65. Rc6 Rc5 66. Kb6 Rh5 67. Ka5 a3 68. Rc2 Kd3 69. Rc1 a2 70. Ka6 Rh4 71. Ka5 Rh8 72. b6 a1Q+ 73. Rxa1 Ra8+ 74. Kb5 Rxa1 75. b7 Rb1+ 76. Kc6 Rxb7 1/2-1/2

[Event "Gorges op 18th"]
[Site "Gorges"]
[Date "2008.07.??"]
[Round "7"]
[White "Chabradze, Boris"]
[Black "Martinez, Jean Philippe"]
[Result "1-0"]
[WhiteElo "2192"]
[BlackElo "2066"]
[PlyCount "45"]
[EventDate "2008.07.??"]
[EventType "swiss"]
[EventRounds "7"]
[EventCountry "FRA"]
[SourceTitle "CBM 125 Extra"]
[Source "ChessBase"]
[SourceDate "2008.09.01"]
[SourceVersion "1"]
[SourceVersionDate "2008.09.01"]
[SourceQuality "1"]

1. e4 c5 2. Nf3 a6 3. d4 cxd4 4. Nxd4 Nf6 5. Nc3 e5 6. Nf3 Bb4 7. Bd2 d6 8. Qe2 0-0 9. 0-0-0 Qc7 10. a3 Bc5 11. h3 b5 12. g4 Bb7 13. g5 Nfd7 14. h4 Nb6 15. h5 b4 16. axb4 Bxb4 17. g6 fxg6 18. Ng5 Bxc3 19. Bxc3 Qe7 20. Nxh7 Kxh7 21. hxg6+ Kxg6 22. Qh5+ Kf6 23. Qf5# 1-0

[Event "Gorges op 18th"]
[Site "Gorges"]
[Date "2008.07.??"]
[Round "6"]
[White "Chabradze, Boris"]
[Black "Montassier, Nicolas"]
[Result "1-0"]
[WhiteElo "2192"]
[BlackElo "1590"]
[PlyCount "27"]
[EventDate "2008.07.??"]
[EventType "swiss"]
[EventRounds "7"]
[EventCountry "FRA"]
[SourceTitle "CBM 125 Extra"]
[Source "ChessBase"]
[SourceDate "2008.09.01"]
[SourceVersion "1"]
[SourceVersionDate "2008.09.01"]
[SourceQuality "1"]

1. e4 c5 2. Nf3 Nc6 3. d4 cxd4 4. Nxd4 Nf6 5. Nc3 d6 6. Be3 e6 7. f3 Be7 8. Qd2 0-0 9. 0-0-0 Bd7 10. g4 a5 11. g5 Ne8 12. h4 Ne5 13. h5 Nc4 14. Bxc4 1-0

[Event "Rohde op 07th"]
[Site "Sautron"]
[Date "2007.10.30"]
[Round "5"]
[White "Duval, Michel"]
[Black "Chabradze, Boris"]
[Result "0-1"]
[WhiteElo "1861"]
[BlackElo "2161"]
[PlyCount "45"]
[EventDate "2007.10.27"]
[EventType "swiss"]
[EventRounds "9"]
[EventCountry "FRA"]
[SourceTitle "EXT 2008"]
[Source "ChessBase"]
[SourceDate "2007.11.25"]
[SourceVersion "1"]
[SourceVersionDate "2007.11.25"]
[SourceQuality "1"]

1. e4 c5 2. Nf3 d6 3. d4 cxd4 4. Qxd4 Nc6 5. Bb5 Bd7 6. Bxc6 Bxc6 7. Nc3 Nf6 8. Bg5 e6 9. 0-0-0 Be7 10. Rhe1 0-0 11. e5 dxe5 12. Qh4 Qc7 13. Nxe5 Rfd8 14. Ng4 Rxd1+ 15. Rxd1 Nxg4 16. Bxe7 Nh6 17. Rd8+ Rxd8 18. Bxd8 Qd6 19. Be7 Qe5 20. Bb4 f6 21. g3 a5 22. Ba3 Bf3 23. Nd1 0-1

[Event "Rohde op 07th"]
[Site "Sautron"]
[Date "2007.10.27"]
[Round "1"]
[White "Dobrev, Nanko"]
[Black "Chabradze, Boris"]
[Result "1-0"]
[WhiteElo "2448"]
[BlackElo "2161"]
[PlyCount "79"]
[EventDate "2007.10.27"]
[EventType "swiss"]
[EventRounds "9"]
[EventCountry "FRA"]
[SourceTitle "EXT 2008"]
[Source "ChessBase"]
[SourceDate "2007.11.25"]
[SourceVersion "1"]
[SourceVersionDate "2007.11.25"]
[SourceQuality "1"]

1. d4 Nf6 2. Nf3 d6 3. c4 g6 4. Nc3 Bf5 5. Nh4 Bd7 6. e4 e5 7. Nf3 exd4 8. Nxd4 Bg7 9. Be2 Nc6 10. Be3 0-0 11. 0-0 Re8 12. f3 Nxd4 13. Bxd4 Bc6 14. Qd2 Nd7 15. Be3 Ne5 16. Nd5 b6 17. Bg5 f6 18. Bh4 Bxd5 19. cxd5 Qd7 20. Rac1 Re7 21. Rc3 Rf8 22. Rfc1 Qd8 23. b4 g5 24. Bf2 f5 25. exf5 Rxf5 26. Qc2 Rff7 27. Ra3 Qa8 28. Rd1 h6 29. Rd2 Rf4 30. Rb3 a5 31. a3 axb4 32. axb4 Qa4 33. Qb1 Nc4 34. Ra2 Qe8 35. Qd3 Ne3 36. Rba3 Rd4 37. Qb1 Kf7 38. Bd3 Qd7 39. Bg6+ Kg8 40. Rxe3 1-0

[Event "Gorges op 17th"]
[Site "Gorges"]
[Date "2007.??.??"]
[Round "4"]
[White "Chabradze, Boris"]
[Black "Crouan, Stephane"]
[Result "1/2-1/2"]
[WhiteElo "2152"]
[BlackElo "2186"]
[PlyCount "62"]
[EventDate "2007.07.08"]
[EventType "swiss"]
[EventRounds "7"]
[EventCountry "FRA"]
[SourceTitle "CBM 119 Extra"]
[Source "ChessBase"]
[SourceDate "2007.09.04"]
[SourceVersion "1"]
[SourceVersionDate "2007.09.04"]
[SourceQuality "1"]

1. e4 c5 2. Nf3 e6 3. d4 cxd4 4. Nxd4 a6 5. Bd3 Nc6 6. Nxc6 dxc6 7. 0-0 e5 8. Bc4 Qxd1 9. Rxd1 Bc5 10. Nc3 b5 11. Be2 Nf6 12. Bf3 Be6 13. Re1 Nd7 14. Be3 0-0-0 15. Bxc5 Nxc5 16. Red1 Kc7 17. b4 Nb7 18. a4 Rxd1+ 19. Nxd1 Nd6 20. axb5 axb5 21. Nb2 f6 22. Nd3 Nb7 23. Ra7 Bc8 24. Kf1 Kb8 25. Ra6 Nd8 26. Ra1 Nb7 27. Ra6 Kc7 28. Ra7 Rd8 29. Ke2 Kb6 30. Ra8 Be6 31. Rxd8 Nxd8 1/2-1/2

[Event "Gorges op 17th"]
[Site "Gorges"]
[Date "2007.??.??"]
[Round "2"]
[White "Chabradze, Boris"]
[Black "Lemerle, Alban"]
[Result "1-0"]
[WhiteElo "2152"]
[BlackElo "2051"]
[PlyCount "53"]
[EventDate "2007.07.08"]
[EventType "swiss"]
[EventRounds "7"]
[EventCountry "FRA"]
[SourceTitle "CBM 119 Extra"]
[Source "ChessBase"]
[SourceDate "2007.09.04"]
[SourceVersion "1"]
[SourceVersionDate "2007.09.04"]
[SourceQuality "1"]

1. e4 e5 2. Nf3 Nc6 3. Nc3 Nf6 4. d4 exd4 5. Nxd4 Bb4 6. Nxc6 bxc6 7. Bd3 0-0 8. 0-0 d5 9. exd5 cxd5 10. Bg5 c6 11. Qf3 Bd6 12. Rae1 h6 13. Bh4 g5 14. Bg3 Bg4 15. Qe3 Re8 16. Qd2 Bxg3 17. Rxe8+ Nxe8 18. fxg3 Nd6 19. h3 Bh5 20. g4 Bg6 21. Bxg6 fxg6 22. Qd4 Qe7 23. Nxd5 cxd5 24. Qxd5+ Kg7 25. Qxa8 Qe3+ 26. Kh1 Ne4 27. Qf8+ 1-0

[Event "Gorges op 17th"]
[Site "Gorges"]
[Date "2007.??.??"]
[Round "3"]
[White "Lagarde, Marc"]
[Black "Chabradze, Boris"]
[Result "0-1"]
[WhiteElo "1620"]
[BlackElo "2152"]
[PlyCount "60"]
[EventDate "2007.07.08"]
[EventType "swiss"]
[EventRounds "7"]
[EventCountry "FRA"]
[SourceTitle "CBM 119 Extra"]
[Source "ChessBase"]
[SourceDate "2007.09.04"]
[SourceVersion "1"]
[SourceVersionDate "2007.09.04"]
[SourceQuality "1"]

1. e4 c5 2. Nf3 d6 3. d4 cxd4 4. Nxd4 Nf6 5. Nc3 a6 6. f3 e5 7. Nb3 Be6 8. Bg5 Nbd7 9. Qd2 Be7 10. 0-0-0 b5 11. Bd3 b4 12. Ne2 a5 13. Kb1 a4 14. Nbc1 b3 15. cxb3 axb3 16. a3 0-0 17. f4 d5 18. f5 Nxe4 19. Bxe4 Bxg5 20. Qb4 Rb8 21. Qc3 Rc8 22. Qh3 Nc5 23. fxe6 Nxe4 24. exf7+ Rxf7 25. Qe6 Nd2+ 26. Ka1 e4 27. h4 Be3 28. Nc3 Rxc3 29. bxc3 b2+ 30. Ka2 b1Q# 0-1

[Event "Gorges op 17th"]
[Site "Gorges"]
[Date "2007.??.??"]
[Round "5"]
[White "Rabhi, Chamss Eddine"]
[Black "Chabradze, Boris"]
[Result "1/2-1/2"]
[WhiteElo "2074"]
[BlackElo "2152"]
[PlyCount "36"]
[EventDate "2007.07.08"]
[EventType "swiss"]
[EventRounds "7"]
[EventCountry "FRA"]
[SourceTitle "CBM 119 Extra"]
[Source "ChessBase"]
[SourceDate "2007.09.04"]
[SourceVersion "1"]
[SourceVersionDate "2007.09.04"]
[SourceQuality "1"]

1. d4 Nf6 2. c4 d6 3. Nc3 Bf5 4. f3 e5 5. e4 exd4 6. Qxd4 Be6 7. Be3 Nc6 8. Qd2 Ne5 9. b3 Be7 10. Bd3 Nh5 11. Nge2 Bh4+ 12. Kd1 Nxd3 13. Qxd3 g6 14. Kc2 a5 15. g3 Bf6 16. g4 Ng7 17. Nd4 a4 18. Nxa4 c5 1/2-1/2